000 00305nam a2200133Ia 4500
005 20251222144624.0
008 251222s9999||||xx |||||||||||||| ||spa||
020 _a88-16-40536-8
082 _a233.21/S31
100 _aScola, Angelo
245 0 _aLa Persona Humana:
264 _bJaca Book
942 _cLIB
999 _c16070
_d16070